Central Library OPAC University of Rajshahi

The management and maintenance of quality circles / (Record no. 59056)

MARC details
000 -LEADER
fixed length control field 00816nam a2200253 a 4500
001 - CONTROL NUMBER
control field 59056
003 - CONTROL NUMBER IDENTIFIER
rucl marc code BD-RjUL
005 - DATE AND TIME OF LATEST TRANSACTION
control field 20211209080705.0
008 - FIXED-LENGTH DATA ELEMENTS--GENERAL INFORMATION
fixed length control field 161220s1983 ilua b 000 0 eng
020 ## - INTERNATIONAL STANDARD BOOK NUMBER
International Standard Book Number 0870943685 :
Terms of availability $17.95
035 ## - SYSTEM CONTROL NUMBER
System control number (BD-RjUL)59180
040 ## - CATALOGING SOURCE
Original cataloging agency DLC
Transcribing agency DLC
Modifying agency BD-RjUL
Language of cataloging eng
041 ## - LANGUAGE CODE
Language code of text/sound track or separate title eng
082 00 - DEWEY DECIMAL CLASSIFICATION NUMBER
Classification number 658
Edition number 23
Author mark and year PAM 1983
100 1# - MAIN ENTRY--PERSONAL NAME
Personal name Patchin, Robert I.
9 (RLIN) 175641
245 14 - TITLE STATEMENT
Title The management and maintenance of quality circles /
Statement of responsibility, etc. Robert I. Patchin ; edited by Robert Cunningham.
260 ## - PUBLICATION, DISTRIBUTION, ETC. (IMPRINT)
Place of publication, distribution, etc. Homewood, Ill. :
Name of publisher, distributor, etc. Dow Jones-Irwin,
Date of publication, distribution, etc. c1983.
300 ## - PHYSICAL DESCRIPTION
Pagination viii, 145 p. :
Illustrations ill. ;
Size 24 cm.
504 ## - BIBLIOGRAPHY, ETC. NOTE
Bibliography, etc Includes bibliographical references.
650 #0 - SUBJECT ADDED ENTRY--TOPICAL TERM
Topical term or geographic name as entry element Management
Source of heading or term Quality circles.
9 (RLIN) 172842
700 1# - ADDED ENTRY--PERSONAL NAME
Personal name Cunningham, Robert,
Dates associated with a name 1918-
942 ## - ADDED ENTRY ELEMENTS (KOHA)
Source of classification or shelving scheme Dewey Decimal Classification
Koha item type Books
Holdings
Lost status Source of classification or shelving scheme Damaged status Not for loan Collection code Permanent Location Current Location Shelving location Date acquired Source of acquisition Total Checkouts Full call number Date last seen Copy number Koha item type
  Dewey Decimal Classification   Not For Loan Non-fiction Central Library, University of Rajshahi Central Library, University of Rajshahi Rare Book Section 08/10/1985 Asia foundation   658 PAM 1983 20/12/2016 C-1 Books